Fitzgerald : neuroanatomía clínica y neurociencia (Registro nro. 6124)

Detalles MARC
000 -Cabecera (24)
Campo de control interno 00989nam a22003014a 4500
001 - Número de control
Campo de control PE-BaUNAB
005 - Fecha y hora de la
Campo de control 20260702215003.0
006 - ELEMENTOS DE DATOS DE LONGITUD FIJA - CARACTERÍSTICAS ADICIONALES DEL MATERIAL - INFORMACIÓN GENERAL
Campo de control de longitud fija a||||gr|||| 001 0
007 - Tipo material - Descripcion fisica - info general
Tipo material ta
008 - Códigos de longitud fija (40p)
Campo de control de longitud fija t pe gr 00| 0 spa d
017 ## - Depósito legal
Depósito legal B 18270-2021
020 ## - INTERNATIONAL STANDARD BOOK NUMBER
ISBN 9788413820439
040 ## - Origen de la Catalogacion
Origen de la Catalogacion PE-BaUNAB
041 ## - Código de idioma
Código de lengua del texto/banda sonora o título independiente (R) spa
043 ## - Pais ISO
País ISO per
082 ## - Número de clasificación
Clasificación 611.8
100 ## - Autor personal
Autor personal Mtui, Estomith
Rol de la persona Autor
9 (RLIN) 13874
245 ## - Titulo
Titulo Fitzgerald : neuroanatomía clínica y neurociencia
260 ## - Pie de imprenta
Ciudad España :
Nombre de la editorial Elsevier,
Año 2022
300 ## - Descripción física
Extensión 416 páginas :
Dimensiones 27 cm
505 ## - Nota de contenido
Nota de contenido 1. Embriología, 2. Topografía cerebral, 3. Mesencéfalo, rombencéfalo, médula espinal, 4. Meninges, 5. Neuronas y neuroglía, 6.Neuronas y neuroglía, 7. Acontecimientos eléctricos..
650 ## - Temas - Descriptores
Temas - Descriptores Neuroanatomía
9 (RLIN) 11563
650 ## - Temas - Descriptores
Temas - Descriptores Anatomía
9 (RLIN) 8324
650 ## - Temas - Descriptores
Temas - Descriptores Neurociencias
9 (RLIN) 11636
700 ## - Asiento secundario - Autor personal
Autor Personal Gruener, Gregory
9 (RLIN) 13875
700 ## - Asiento secundario - Autor personal
Autor Personal Dockery, Peter
9 (RLIN) 13876
942 ## - Datos personalizados Koha
Fuente de clasificación Dewey Decimal Classification
Tipo de Documento Libros
Fecha procesamiento 2026-07-02
Catalogador LRM
Existencias
Fuente de Clasificacion Colección Ubicacion permanente Ubicacion actual Fecha de adquisicion a la Biblioteca Prestamos Signatura Código de barras Ultima fecha de verificacion Tipo de ítem Ejemplar
Dewey Decimal Classification Psicología UNAB UNAB 07/02/2026   611.8 M783 01L000008448 07/02/2026 Libros  
Dewey Decimal Classification Psicología UNAB UNAB 07/02/2026   611.8 M783 01L000008449 07/02/2026 Libros ej.2
Dewey Decimal Classification Psicología UNAB UNAB 07/02/2026   611.8 M783 01L000008450 07/02/2026 Libros ej.3

CIUDAD UNIVERSITARIA

Av. Toribio de Luzuriaga N° 379, Mz. J
Urbanización La Florida del Distrito y Provincia de Barranca
Numero (01) 735 - 6318

OFICINA ADMINISTRATIVA

Jr. Gálvez N° 557 - Barranca Numero: (01) 235 - 5815 Email: biblioteca@unab.edu.pe

Soporte técnico - Bibliolatino.com

Web Analytics Made Easy - Statcounter
Nos visitan